Quá trình dạy học tự học

में बचाया:
ग्रंथसूची विवरण
मुख्य लेखक: Nguyễn Cảnh Toàn (chủ biên)
अन्य लेखक: Bùi Tường, Nguyễn Kỳ, Vũ Văn Tảo
स्वरूप: पुस्तक
प्रकाशित: H. Giáo dục 1998
संस्करण:Tái bản lần 1
विषय:
टैग : टैग जोड़ें
कोई टैग नहीं, इस रिकॉर्ड को टैग करने वाले पहले व्यक्ति बनें!
Thư viện lưu trữ: Trung tâm Học liệu Lê Vũ Hùng, Trường Đại học Đồng Tháp
LEADER 01152pam a22003138a 4500
001 00019029
005 20171026081022.0
008 110505s1998 ||||||Viesd
020 |c 13200 
041 0 # |a Vie 
082 1 4 |a 371.3  |b Q501T 
100 0 # |a Nguyễn Cảnh Toàn  |e chủ biên 
245 0 0 |a Quá trình dạy học tự học  |c Nguyễn Cảnh Toàn chủ biên, Nguyễn Kỳ, Vũ Văn Tảo, Bùi Tường 
250 # # |a Tái bản lần 1 
260 # # |a H.  |b Giáo dục  |c 1998 
300 # # |a 315 tr.  |c 21 cm. 
500 # # |a ĐTTS ghi: Trung tâm nghiên cứu và phát triển tự học 
653 # # |a Dạy 
653 # # |a Tự học 
653 # # |a Thiết kế bài học 
653 # # |a Quá trình 
700 0 # |a Bùi Tường 
700 0 # |a Nguyễn Kỳ 
700 0 # |a Vũ Văn Tảo 
852 # # |j KM.0011979  |j KD.0004366  |j KM.0002557  |j KM.0018010  |j KM.0013195 
852 # # |b Kho đọc  |j KD.0004366 
852 # # |b Kho mượn  |j KM.0011979, KM.0002557, KM.0013195, KM.0018010 
910 |d 05/05/2011 
980 # # |a Trung tâm Học liệu Lê Vũ Hùng, Trường Đại học Đồng Tháp